000 00391pab a2200157 454500
008 180718b2010 xxu||||| |||| 00| 0 eng d
100 _aBabu, B. Ramesh
245 _aLegitimate globalisation: towards new universal norms and values
260 _c2010
300 _ap.399-409.
362 _aJan-Jun
650 _aGlobalization
773 _aMan in India
908 _aN
909 _a86591
999 _c86591
_d86591